Driving across Europe #1 - Statistics

General Stats
  • This quiz has been taken 41 times
  • The average score is 13 of 15
Answer Stats
Hint Answer % Correct
We are moving to another country. Wait... do I see a two-headed eagle in its flag? Albania
97%
We start our journey in the country which held first modern Olympic Games. Do you know it? Greece
97%
Ah, Kylian Mbappe no longer plays here, because he moved to Real... France
92%
This country declared its independence in 2008. Do you know this country? Kosovo
92%
Moving along to the country which changed its name in 2019. Can you guess it? North Macedonia
92%
Look at the map! Looks like this country is trying to "eat" his neighbour! Croatia
87%
We are continuing this trip. Wait a sec... Is this man Luka Doncic? Slovenia
87%
We are moving to a country, which can be misnamed as a kangaroos' country. What is it? Austria
85%
It's Oktoberfest festival in this country happening right now! Lucky we! Germany
85%
Driving, driving... Look, it's the capital! But I can't see full name - looks like starts with "POD". Which country then? Montenegro
85%
How this small country won Eurovision 5 times? Luxembourg
82%
We are in the capital of European Union! Belgium
79%
There is no official capital in this country?!?! Switzerland
77%
This is Kung Fu Panda's land! Remember his name, right? (Playing with letters) Poland
69%
Ah... This beautiful country... Which loves basketball... We finished our journey! Lithuania
67%
No matching quizzes found
Score Distribution
Percent of People with Each Score
Percentile by Number Answered
Your Score History
You have not taken this quiz